• 首页
  • 本馆介绍
  • 公告通知
  • 最新文献
  • 馆藏检索
  • 电子资源
  • 读者导购
  • 参考咨询
  • 我的图书馆
  • 登录
  • 详细信息显示
  • 放入我的书架
  • 预约/预借图书
  • 作者相关作品
  • 分类相关作品
  • 丛书相关作品
  • 出版社相关作品

书目信息

  • 表格格式
  • 工作单格式
  • 卡片格式
题名:
环境痕量抗生素靶向分离富集技术研究
    
 
作者: 毛艳丽 , 谷得明 , 延旭 著
分册:  
出版信息: 长春   吉林大学出版社  2021
页数: 151页
开本: 24cm
丛书名:
单 册:
中图分类: R978.1
科图分类:
主题词: 抗菌素--分离法--研究 , 抗菌素--富集--研究
电子资源:
ISBN: 978-7-5692-9084-4
000 01089nam0 2200277 450
001 011630669
005 20220311175352.0
010    @a978-7-5692-9084-4@dCNY49.00
100    @a20220218d2021 em y0chiy0120 ea
101 0  @achi
102    @aCN@b220000
105    @aa z 000yy
106    @ar
200 1  @a环境痕量抗生素靶向分离富集技术研究@9huan jing hen liang kang sheng su ba xiang fen li fu ji ji shu yan jiu@f毛艳丽,谷得明,延旭著
210    @a长春@c吉林大学出版社@d2021
215    @a151页@c图@d24cm
300    @a国家自然科学基金面上项目等资助
330    @a本书构建了系列印迹吸附材料制备体系,并对所制备的印迹材料的理化性能、吸附行为和机理、选择性识别机制及再生性能进行深入研究,扩展了载体的种类,增加了工业废渣、农业废弃物的附加值,建立了印迹材料分离富集痕量持久性污染物与仪器分析技术联用的新方法。
606 0  @a抗菌素@x分离法@x研究
606 0  @a抗菌素@x富集@x研究
690    @aR978.1@v5
701  0 @a毛艳丽@9mao yan li@4著
701  0 @a谷得明@9gu de ming@4著
701  0 @a延旭@9yan xu@4著
801  0 @aCN@bBJXHZP@c20230222
905    @b1379005-8@dR978.1@e965@f4@S@Z
    
    环境痕量抗生素靶向分离富集技术研究/毛艳丽,谷得明,延旭著.-长春:吉林大学出版社,2021
    151页:图;24cm
    国家自然科学基金面上项目等资助
    
    ISBN 978-7-5692-9084-4:CNY49.00
    本书构建了系列印迹吸附材料制备体系,并对所制备的印迹材料的理化性能、吸附行为和机理、选择性识别机制及再生性能进行深入研究,扩展了载体的种类,增加了工业废渣、农业废弃物的附加值,建立了印迹材料分离富集痕量持久性污染物与仪器分析技术联用的新方法。
●
相关链接 在E读中查询图书 在五车中查询图书 在当当中查询图书 在豆瓣中查询图书


正题名:环境痕量抗生素靶向分离富集技术研究     索取号:R978.1/965         预约/预借

序号 登录号 条形码 馆藏地/架位号 状态 备注
1 1379005   213790058   第二样本阅览室/ [索取号:R978.1/965] 在馆    
2 1379006   213790067   第三借阅区/ [索取号:R978.1/965] 在馆    
3 1379007   213790076   第三借阅区/ [索取号:R978.1/965] 在馆    
4 1379008   213790085   第三借阅区/ [索取号:R978.1/965] 在馆    
唐山师范学院图书馆 欢迎您!
大连网信软件有限公司© 版权所有